| 000 -LEADER |
| fixed length control field |
00330cam a22001097a 4500 |
| 008 - FIXED-LENGTH DATA ELEMENTS--GENERAL INFORMATION |
| fixed length control field |
180718b xxu||||| |||| 00| 0 eng d |
| 082 ## - DEWEY DECIMAL CLASSIFICATION NUMBER |
| Classification number |
Z4706x54 A |
| 245 ## - TITLE STATEMENT |
| Title |
Agricultural labour in India: a compedium of basic facts, 1968 |
| Statement of responsibility, etc. |
by Labour Bureau, India |
| 260 ## - PUBLICATION, DISTRIBUTION, ETC. |
| Place of publication, distribution, etc. |
|
| Name of publisher, distributor, etc. |
Labour Bureau |
| Date of publication, distribution, etc. |
|
| 300 ## - PHYSICAL DESCRIPTION |
| Extent |
254+p. |
| 700 ## - ADDED ENTRY--PERSONAL NAME |
| Personal name |
India. Labour Bureau |